000 00372nam a2200133Ia 4500
008 151213s9999 xx 000 0 und d
100 _aColes Editoeial Boord
245 _aWordsworth Poetry Nots
_cColes Editoeial Boord
260 _aNew Dilhi
_bColesnotesy Rama Brother
_c1991
300 _a1894 p.
650 _aEnglish
700 _aColes Editoeial Boord
999 _c1399
_d1399